000 00879nam a2200253Ia 4500
003 OSt
005 20220926032417.0
006 a|||||r|||| 00| 0
007 ta
008 220923b |||||||| |||| 00| 0 eng d
020 _a9783319574745
_c12003.70
037 _b876, 05/03/2018, Manohar Publishers & Distributors
_cGeneral Book
040 _aRTL
_cRTL
_beng
041 _2eng
_aeng
082 _aY15:3(Z).49G, Q8
100 _aAHMED Nizam
_9337359
245 0 _aWomen in governing institutions in South Asia
_b Parliament, civil service and local government
260 _aSwitzerland
_bPalgrave Macmillan
_c2018
300 _axxvii,354p
_ccm.
500 _aBibliography: p 399-403
650 _aSociology
942 _hY15:3(Z).49G, Q8
_cGB
_2CC
999 _c654641
_d654641